Statistics for Real Madrid Squad 2018/19

Click here to take the quiz!

General Stats

  • This quiz has been taken 313 times
  • The average score is 19 of 24

Answer Stats

#NationalityDate of Birth (Age)% Correct
1GoalkeeperKeylor NavasCosta RicanDec 15, 1986 (31)
99%
4Centre-BackSergio RamosSpanishMar 30, 1986 (32)
98%
12Left-BackMarceloBrazilianMay 12, 1988 (30)
98%
5Centre-BackRaphaël VaraneFrenchApr 25, 1993 (25)
96%
10Central MidfieldLuka ModricCroatianSep 9, 1985 (33)
96%
25GoalkeeperThibaut CourtoisBelgianMay 11, 1992 (26)
95%
8Central MidfieldToni KroosGermanJan 4, 1990 (28)
94%
14Defensive MidfieldCasemiroBrazilianFeb 23, 1992 (26)
93%
11Right WingerGareth BaleWelshJul 16, 1989 (29)
91%
2Right-BackDaniel CarvajalSpanishJan 11, 1992 (26)
91%
9Centre-ForwardKarim BenzemaFrenchDec 19, 1987 (30)
90%
22Attacking MidfieldIscoSpanishApr 21, 1992 (26)
88%
6Centre-BackNacho FernándezSpanishJan 18, 1990 (28)
86%
20Left WingerMarco AsensioSpanishJan 21, 1996 (22)
84%
28Left WingerVinícius JúniorBrazilianJul 12, 2000 (18)
81%
7Centre-ForwardMariano DíazDominicanAug 1, 1993 (25)
74%
17Right WingerLucas VázquezSpanishJul 1, 1991 (27)
71%
13GoalkeeperKiko CasillaSpanishOct 2, 1986 (32)
68%
19Right-BackÁlvaro OdriozolaSpanishDec 14, 1995 (22)
64%
3Centre-BackJesús VallejoSpanishJan 5, 1997 (21)
62%
15Central MidfieldFederico ValverdeUruguayanJul 22, 1998 (20)
58%
18Defensive MidfieldMarcos LlorenteSpanishJan 30, 1995 (23)
56%
24Central MidfieldDani CeballosSpanishAug 7, 1996 (22)
55%
23Left-BackSergio ReguilónSpanishDec 16, 1996 (21)
46%

Score Distribution

Percentile by Number Answered

Percent of People with Each Score

Your Score History

You have not taken this quiz